[Event "TCh-CHN 2018"]
[Site "China CHN"]
[Date "2018.05.24"]
[Round "7.3"]
[Board "3"]
[White "Gordievsky, Dmitry"]
[Black "Liu, Qingnan"]
[Result "0-1"]
[WhiteTitle "GM"]
[BlackTitle "GM"]
[WhiteElo "2614"]
[BlackElo "2538"]
[WhiteTeam "Zhejiang Chess Team"]
[BlackTeam "Shenzhen Longgang Chess association"]
[WhiteFideId "24112798"]
[BlackFideId "8603294"]
[EventDate "2018.04.11"]

1. c4 c5 2. g3 Nc6 3. Bg2 g6 4. Nc3 Bg7 5. d3 e6 6. e4 Nge7 7. Nge2 Nd4 8. Nxd4
cxd4 9. Ne2 O-O 10. h4 b5 11. b3 Bb7 12. h5 f5 13. hxg6 hxg6 14. Bg5 fxe4 15.
O-O bxc4 16. bxc4 Rf5 17. Bxe7 Qxe7 18. Bxe4 Bxe4 19. dxe4 Rc5 20. Qd3 Rac8 21.
Rac1 e5 22. f4 Qe6 23. f5 Qc6 24. fxg6 Qxg6 25. Rf5 Qe6 26. Qf3 Rxc4 27. Rf1 Rc2
28. a3 Rb2 29. Rg5 Rbb8 30. g4 Rb3 31. Qf2 Qe7 32. Rh5 Rf8 33. Rf5 Rxf5 34. Qxf5
Re3 35. Rf2 d3 36. Nc3 d2 37. Nd1 Re1+ 38. Rf1 Qc5+ 39. Kg2 Qc4 40. Qf3 Rxe4 41.
Kg3 Rf4 42. Qa8+ Kf7 43. Rf2 Qb3+ 44. Kg2 Rxf2+ 45. Kxf2 Qxd1 46. Qd5+ Ke7 47.
Qc5+ Kd8 0-1

[Event "TCh-CHN 2018"]
[Site "China CHN"]
[Date "2018.05.24"]
[Round "7.3"]
[Board "4"]
[White "Ushenina, Anna"]
[Black "Zhu, Jiner"]
[Result "1/2-1/2"]
[WhiteTitle "GM"]
[BlackTitle "WIM"]
[WhiteElo "2440"]
[BlackElo "2379"]
[WhiteTeam "Shenzhen Longgang Chess association"]
[BlackTeam "Zhejiang Chess Team"]
[WhiteFideId "14110911"]
[BlackFideId "8608059"]
[EventDate "2018.04.11"]

1. d4 Nf6 2. Nf3 b6 3. c4 e6 4. g3 Ba6 5. b3 Bb4+ 6. Bd2 Be7 7. Nc3 d5 8. cxd5
exd5 9. Bg2 O-O 10. O-O Re8 11. Rc1 Bb7 12. Bf4 c5 13. Qd3 Nc6 14. dxc5 bxc5 15.
Rfd1 d4 16. Na4 Nb4 17. Qb1 Be4 18. Qb2 Qa5 19. Bd2 Qb5 20. Bxb4 Qxb4 21. Ne1
Rac8 22. Nd3 Qb5 23. Rc4 Bxg2 24. Kxg2 Nd5 25. Qc2 Nb6 26. Nxb6 axb6 27. a4 Qc6+
28. Kg1 Qd7 29. Ne5 Qe6 30. Nf3 g6 31. Qd3 Bd6 32. Rd2 Ra8 33. e3 dxe3 34. Qxe3
Qxe3 35. fxe3 Rxe3 36. Rxd6 Rxf3 37. Rxb6 Rd8 38. Kg2 Rdd3 39. Rxc5 Rxb3 40.
Rxb3 Rxb3 1/2-1/2

[Event "TCh-CHN 2018"]
[Site "China CHN"]
[Date "2018.05.24"]
[Round "7.3"]
[Board "5"]
[White "Zhang, Xiaowen"]
[Black "Ding, Yixin"]
[Result "1/2-1/2"]
[WhiteTitle "WGM"]
[BlackTitle "WGM"]
[WhiteElo "2318"]
[BlackElo "2429"]
[WhiteTeam "Shenzhen Longgang Chess association"]
[BlackTeam "Zhejiang Chess Team"]
[WhiteFideId "8603219"]
[BlackFideId "8602972"]
[EventDate "2018.04.11"]

1. e4 c5 2. Nf3 d6 3. d4 cxd4 4. Nxd4 Nf6 5. Nc3 a6 6. Be3 e5 7. Nf3 Be7 8. Bc4
O-O 9. O-O Be6 10. Bb3 Nc6 11. Qe2 Na5 12. Rfd1 Nxb3 13. axb3 Qc7 14. Bg5 Nh5
15. Nxe5 Bxg5 16. Qxh5 Bf6 17. Nf3 Bxc3 18. bxc3 Qxc3 19. Nd4 Rfe8 20. Qa5 Rac8
21. Qxc3 Rxc3 22. f3 d5 23. exd5 Bxd5 24. Re1 Kf8 25. Kf2 Rec8 26. Re3 f6 27.
Rae1 Rxe3 28. Rxe3 Bf7 29. c4 b6 30. Ne6+ Kg8 31. Nd4 Kf8 1/2-1/2

[Event "TCh-CHN 2018"]
[Site "China CHN"]
[Date "2018.05.24"]
[Round "7.4"]
[Board "1"]
[White "Ma, Qun"]
[Black "Zou, Chen"]
[Result "1/2-1/2"]
[WhiteTitle "GM"]
[BlackTitle "FM"]
[WhiteElo "2620"]
[BlackElo "2384"]
[WhiteTeam "Hangzhou Bank Team"]
[BlackTeam "Hangzhou Turbine Team"]
[WhiteFideId "8603154"]
[BlackFideId "8610959"]
[EventDate "2018.04.11"]

1. c4 Nf6 2. Nc3 e5 3. Nf3 Nc6 4. g3 d5 5. cxd5 Nxd5 6. Bg2 Nb6 7. a3 Be7 8. b4
Be6 9. Rb1 f6 10. d3 O-O 11. O-O a5 12. b5 Nd4 13. Nxd4 exd4 14. Na4 Bd5 15.
Nxb6 cxb6 16. a4 Bxg2 17. Kxg2 Qd5+ 18. Kg1 Rfd8 19. Bd2 Rac8 20. Rb2 f5 21. Qb1
Rd7 22. Rc2 Rxc2 23. Qxc2 Bc5 24. Rc1 Ba3 25. Ra1 Bc5 26. Qa2 Kf7 27. Qxd5+ Rxd5
28. Rc1 Ke6 29. Kf1 Rd8 30. Rc4 Rd5 31. Ke1 Kd7 32. Kd1 g6 33. Bf4 Ke6 34. Kc2
Rd7 35. e3 Kd5 36. Kd2 Re7 37. Ke2 Rd7 38. Kf3 Re7 39. Rc1 Re8 40. h3 h5 41. Rc4
Re7 42. Bg5 Rd7 43. Rc1 Rf7 44. Ke2 Rd7 45. Bf4 Re7 46. g4 hxg4 47. hxg4 dxe3
48. Bg5 Re8 49. fxe3 Bxe3 50. Bxe3 f4 51. Kf3 Rxe3+ 52. Kxf4 Rxd3 53. Kg5 Rd4
54. Rg1 Rxa4 55. Kxg6 Kc5 56. g5 Kxb5 57. Kf7 Rc4 58. g6 a4 59. g7 Rc8 60. g8=Q
Rxg8 61. Rxg8 a3 62. Ke6 Kb4 63. Rg4+ Kb3 64. Rg3+ Kb2 65. Rg2+ 1/2-1/2

[Event "TCh-CHN 2018"]
[Site "China CHN"]
[Date "2018.05.24"]
[Round "7.4"]
[Board "2"]
[White "Gao, Rui"]
[Black "Lin, Yi"]
[Result "1/2-1/2"]
[WhiteTitle "GM"]
[WhiteElo "2546"]
[BlackElo "2359"]
[WhiteTeam "Hangzhou Bank Team"]
[BlackTeam "Hangzhou Turbine Team"]
[WhiteFideId "8602387"]
[BlackFideId "8609659"]
[EventDate "2018.04.11"]

1. e4 e5 2. Nf3 Nf6 3. Nc3 Nc6 4. Bb5 Bb4 5. O-O O-O 6. d3 Bxc3 7. bxc3 d6 8.
Bg5 Bd7 9. Rb1 h6 10. Bh4 a6 11. Ba4 Rb8 12. Bb3 Qe7 13. Re1 Na5 14. Nd2 b5 15.
Nf1 Nxb3 16. cxb3 a5 17. Ne3 c6 18. f3 b4 19. d4 Be6 20. c4 c5 21. dxe5 dxe5 22.
Nd5 Bxd5 23. cxd5 Qd6 24. Bxf6 Qxf6 25. Rc1 Rfc8 26. Qd3 Qd6 27. Rc4 Rc7 28. f4
a4 29. bxa4 Ra8 30. fxe5 Qxe5 31. Qg3 Qxg3 32. hxg3 f6 1/2-1/2

[Event "TCh-CHN 2018"]
[Site "China CHN"]
[Date "2018.05.24"]
[Round "7.4"]
[Board "3"]
[White "Bai, Jinshi"]
[Black "Xiang, Zeyu"]
[Result "1-0"]
[WhiteTitle "GM"]
[WhiteElo "2568"]
[BlackElo "2435"]
[WhiteTeam "Hangzhou Bank Team"]
[BlackTeam "Hangzhou Turbine Team"]
[WhiteFideId "8602280"]
[BlackFideId "8608547"]
[EventDate "2018.04.11"]

1. c4 e6 2. Nf3 d5 3. e3 Nf6 4. b3 Be7 5. Bb2 O-O 6. Nc3 b6 7. g3 Bb7 8. Bg2 c5
9. O-O Nbd7 10. Qe2 Rc8 11. Rfd1 Qc7 12. Ne1 Qb8 13. f4 dxc4 14. bxc4 Bxg2 15.
Qxg2 Rfd8 16. d3 Qa8 17. Nf3 Bf8 18. g4 g6 19. g5 Nh5 20. Ne4 Qc6 21. Qc2 b5 22.
cxb5 Qxb5 23. a4 Qa6 24. Ne5 Nxe5 25. Bxe5 c4 26. d4 Qc6 27. a5 Rd5 28. Nc3 Rd7
29. Rdb1 Qf3 30. Qe4 Qxe4 31. Nxe4 c3 32. Rb3 c2 33. Rc1 Rdd8 34. Kf2 Rc4 35.
Ke2 Rdc8 36. Kd3 Bb4 37. a6 Be7 38. Bd6 1-0

[Event "TCh-CHN 2018"]
[Site "China CHN"]
[Date "2018.05.24"]
[Round "7.4"]
[Board "4"]
[White "Zhao, Shengxin"]
[Black "Girya, Olga"]
[Result "0-1"]
[WhiteTitle "WFM"]
[BlackTitle "WGM"]
[WhiteElo "2133"]
[BlackElo "2481"]
[WhiteTeam "Hangzhou Turbine Team"]
[BlackTeam "Hangzhou Bank Team"]
[WhiteFideId "8608040"]
[BlackFideId "4195752"]
[EventDate "2018.04.11"]

1. d4 Nf6 2. c4 e6 3. g3 d5 4. Bg2 Bb4+ 5. Bd2 Be7 6. Nf3 O-O 7. O-O Nbd7 8. Qc2
c6 9. a4 a5 10. Bf4 Ne4 11. Nc3 g5 12. Bc1 f5 13. b3 Bf6 14. e3 h5 15. Ne2 h4
16. Nd2 hxg3 17. hxg3 Bg7 18. f3 Nef6 19. Ba3 Rf7 20. e4 dxe4 21. fxe4 Ng4 22.
Rf3 c5 23. exf5 exf5 24. Rd3 Qe7 25. Nf1 Rf8 26. Re1 Ra6 27. Qd2 Re8 28. dxc5
Nxc5 29. Rd5 b6 30. Rd6 Ne4 31. Qd5+ Be6 32. Qb5 Raa8 33. Bxe4 fxe4 34. Nc1 Qf7
35. Re2 Rf8 36. Nd2 e3 0-1

[Event "TCh-CHN 2018"]
[Site "China CHN"]
[Date "2018.05.24"]
[Round "7.4"]
[Board "5"]
[White "Zhou, Zirun"]
[Black "Gu, Tianlu"]
[Result "1-0"]
[BlackTitle "WIM"]
[WhiteElo "2152"]
[BlackElo "2231"]
[WhiteTeam "Hangzhou Turbine Team"]
[BlackTeam "Hangzhou Bank Team"]
[WhiteFideId "8610975"]
[BlackFideId "8603995"]
[EventDate "2018.04.11"]

1. d4 d5 2. c4 e6 3. Nf3 Nf6 4. g3 Bb4+ 5. Bd2 Be7 6. Bg2 O-O 7. O-O Nbd7 8. Qc2
c6 9. Bf4 b6 10. b3 Ba6 11. Nc3 Rc8 12. Rfd1 h6 13. e4 dxc4 14. Nd2 b5 15. bxc4
bxc4 16. Bf1 g5 17. Be3 c5 18. d5 Ne5 19. Qa4 exd5 20. Qxa6 d4 21. Nxc4 Nxc4 22.
Bxc4 Qc7 23. Nb5 Qe5 24. Bd2 Kg7 25. f4 gxf4 26. Bxf4 Qh5 27. Qb7 Ng4 28. Rd2
Bg5 29. Rf1 Ne3 30. Be5+ Kg8 31. Rxf7 1-0

[Event "TCh-CHN 2018"]
[Site "China CHN"]
[Date "2018.05.24"]
[Round "7.5"]
[Board "1"]
[White "Xu, Xiangyu"]
[Black "Zhou, Weiqi"]
[Result "1-0"]
[WhiteTitle "GM"]
[BlackTitle "GM"]
[WhiteElo "2565"]
[BlackElo "2597"]
[WhiteTeam "Chengdu Beilei Youth Chess Club"]
[BlackTeam "Chongqing Team"]
[WhiteFideId "8608288"]
[BlackFideId "8601674"]
[EventDate "2018.04.11"]

1. d4 Nf6 2. c4 e6 3. g3 d5 4. Bg2 Bb4+ 5. Nd2 O-O 6. Nf3 dxc4 7. O-O Bxd2 8.
Bxd2 Nc6 9. Bg5 h6 10. Bxf6 Qxf6 11. Rc1 e5 12. d5 Rd8 13. Nd2 Ne7 14. e4 b5 15.
b3 cxb3 16. Nxb3 c6 17. Na5 Rd6 18. Qb3 Rb8 19. Rc5 Rb6 20. Rfc1 Bd7 21. Qc3
cxd5 22. exd5 Nf5 23. Re1 Nd4 24. Rc7 b4 25. Qe3 Rb5 26. Rxa7 Ra6 27. Rxd7 Rbxa5
28. f4 Ra3 29. Qxe5 Qxe5 30. fxe5 Nf3+ 31. Bxf3 Rxf3 32. Re2 Raa3 33. d6 Rad3
34. Re7 Kh7 35. Kg2 Kg6 36. Re4 Rf5 37. Rg4+ Kh7 38. Rf4 Kg6 39. d7 h5 40. Kf2
Rd5 41. Ke3 Rd1 42. h4 f6 43. Rxf5 1-0

[Event "TCh-CHN 2018"]
[Site "China CHN"]
[Date "2018.05.24"]
[Round "7.5"]
[Board "2"]
[White "Liu, Guanchu"]
[Black "Zeng, Chongsheng"]
[Result "1/2-1/2"]
[WhiteTitle "IM"]
[BlackTitle "GM"]
[WhiteElo "2432"]
[BlackElo "2535"]
[WhiteTeam "Chengdu Beilei Youth Chess Club"]
[BlackTeam "Chongqing Team"]
[WhiteFideId "8603901"]
[BlackFideId "8603847"]
[EventDate "2018.04.11"]

1. e4 c5 2. Nf3 Nc6 3. Nc3 e6 4. d4 cxd4 5. Nxd4 Qc7 6. Be3 Nf6 7. Ndb5 Qb8 8.
f4 a6 9. e5 axb5 10. exf6 b4 11. Nb5 b6 12. fxg7 Bxg7 13. Bd3 Ba6 14. O-O Bxb2
15. Rb1 Bf6 16. Qe2 Be7 17. Qg4 Rf8 18. Qg7 h5 19. f5 Bxb5 20. fxe6 Bxd3 21.
exf7+ Kd8 22. cxd3 Qd6 23. Rbe1 Rxa2 24. Bh6 Qc5+ 25. Be3 Qc3 26. Bxb6+ Kc8 27.
d4 Bd6 28. Qg6 Qc2 29. Re8+ Kb7 30. Qxc2 Rxc2 31. Bc5 Rxc5 32. dxc5 Bxc5+ 33.
Kh1 b3 34. g3 Na5 35. Re5 Kc6 36. Rf6+ d6 37. Re8 b2 38. Rxf8 b1=Q+ 39. Kg2 Qb2+
40. Kh1 Qxf6 41. Rc8+ Kb7 42. f8=Q Qa1+ 43. Kg2 Qa2+ 44. Kf3 Qf2+ 45. Ke4 d5+ 1/2-1/2

[Event "TCh-CHN 2018"]
[Site "China CHN"]
[Date "2018.05.24"]
[Round "7.5"]
[Board "3"]
[White "Vallejo Pons, Francisco"]
[Black "Liu, Yan"]
[Result "1/2-1/2"]
[WhiteTitle "GM"]
[BlackTitle "IM"]
[WhiteElo "2694"]
[BlackElo "2495"]
[WhiteTeam "Chengdu Beilei Youth Chess Club"]
[BlackTeam "Chongqing Team"]
[WhiteFideId "2205530"]
[BlackFideId "8608962"]
[EventDate "2018.04.11"]

1. d4 Nf6 2. c4 e6 3. g3 Bb4+ 4. Bd2 Qe7 5. Bg2 Nc6 6. e3 e5 7. d5 Nb8 8. Nc3
O-O 9. Nge2 d6 10. Qc2 a5 11. a3 Bxc3 12. Nxc3 Bd7 13. b3 c6 14. dxc6 Bxc6 15.
e4 Qe6 16. Nd5 Bxd5 17. cxd5 Qc8 18. Qxc8 Rxc8 19. Ke2 Nbd7 20. f3 Nc5 21. Bh3
Rc7 22. Rhc1 Ne8 23. Rab1 a4 24. bxa4 Rxa4 25. Rc3 Kf8 26. Rb4 Ra8 27. Kd1 Ke7
28. Be3 Ra5 29. Rb6 Ra6 30. Rb1 Kd8 31. Bf1 Ra8 32. Bg5+ f6 33. Be3 Na4 34. Rxc7
Kxc7 35. Kd2 Nc5 36. Bb5 g6 37. Rc1 Ng7 38. a4 b6 39. f4 Rf8 40. Ke2 Rf7 41.
fxe5 fxe5 42. Bc6 Nh5 43. a5 bxa5 44. Bxc5 dxc5 45. Rxc5 Kd6 46. Rxa5 Nf6 47.
Ra6 Kc5 48. Kd3 Ng4 49. Ra5+ Kd6 50. h3 Nf2+ 51. Ke3 Nd1+ 52. Kd2 Nf2 53. Ke3
Nd1+ 54. Kd2 Nf2 55. Ke3 1/2-1/2

[Event "TCh-CHN 2018"]
[Site "China CHN"]
[Date "2018.05.24"]
[Round "7.5"]
[Board "4"]
[White "Tan, Zhongyi"]
[Black "Gunina, Valentina"]
[Result "0-1"]
[WhiteTitle "GM"]
[BlackTitle "GM"]
[WhiteElo "2513"]
[BlackElo "2497"]
[WhiteTeam "Chongqing Team"]
[BlackTeam "Chengdu Beilei Youth Chess Club"]
[WhiteFideId "8603642"]
[BlackFideId "4167570"]
[EventDate "2018.04.11"]

1. d4 d5 2. c4 e6 3. Nc3 dxc4 4. e4 Nf6 5. Bxc4 c5 6. d5 exd5 7. Nxd5 Be6 8. Bg5
Be7 9. Ne2 Nc6 10. Nxe7 Qxe7 11. Bb5 h6 12. Bxf6 Qxf6 13. Bxc6+ bxc6 14. Qc1 Rb8
15. b3 c4 16. O-O O-O 17. Nf4 cxb3 18. axb3 Bxb3 19. Rxa7 Rfe8 20. Qe3 Bc4 21.
Rc1 Rb3 22. Qc5 Rc3 23. Rxc3 Qxc3 24. Qe3 Qxe3 25. fxe3 Bb5 26. Kf2 Rxe4 27.
Ra8+ Kh7 28. Ra7 g5 29. Ne2 Rb4 30. Nd4 Rb2+ 31. Kg1 Bc4 32. e4 c5 33. Nf5 Be6
34. Rc7 Rc2 35. Nd4 Rc1+ 36. Kf2 Ba2 37. e5 Kg8 38. Rc8+ Kg7 39. g4 Rc4 40. Nf5+
Kh7 41. h3 Rc2+ 42. Kg3 Rc3+ 43. Kh2 Bd5 44. h4 gxh4 45. Nxh4 Be6 46. Rc7 c4 47.
Nf5 Rd3 48. Nd6 Kg6 49. Rc5 Rd4 50. Kg3 Rxg4+ 51. Kf3 h5 52. Ne4 Rg1 53. Ng3 h4
54. Ne2 Rg4 55. Rc6 Kg5 56. Rd6 c3 57. Rd8 Rc4 58. Ke3 c2 59. Kd2 h3 60. Rh8 Bg4
61. Nc1 Bh5 62. Rg8+ Kh4 63. Rg1 h2 64. Rh1 Kg3 65. Kd3 Rc8 66. Ke3 Kg2 0-1

[Event "TCh-CHN 2018"]
[Site "China CHN"]
[Date "2018.05.24"]
[Round "7.5"]
[Board "5"]
[White "Lei, Tingjie"]
[Black "Ren, Xiaoyi"]
[Result "1/2-1/2"]
[WhiteTitle "GM"]
[WhiteElo "2457"]
[BlackElo "2256"]
[WhiteTeam "Chongqing Team"]
[BlackTeam "Chengdu Beilei Youth Chess Club"]
[WhiteFideId "8605114"]
[BlackFideId "8608709"]
[EventDate "2018.04.11"]

1. e4 e5 2. Nf3 d6 3. d4 exd4 4. Nxd4 Nf6 5. Nc3 Be7 6. g3 d5 7. e5 Ne4 8. Nxe4
dxe4 9. Be3 O-O 10. f4 exf3 11. Qxf3 c5 12. Nf5 Nc6 13. Nxe7+ Qxe7 14. O-O-O
Nxe5 15. Qf4 Bg4 16. Re1 Nf3 17. Re2 Nd4 18. Re1 Bf5 19. Bd3 Bxd3 20. Bxd4 Qd7
21. Bc3 Bg6 22. g4 Qd5 23. Kb1 Qg2 24. h4 Qxc2+ 25. Ka1 f6 26. h5 Bf7 27. g5
Rae8 28. Rc1 Re4 29. Rxc2 Rxf4 30. h6 fxg5 31. hxg7 Re8 32. Rch2 h5 33. a3 b5
34. Rxh5 Bxh5 35. Rxh5 Kf7 36. Rxg5 b4 37. axb4 cxb4 38. Be5 Re4 39. Ka2 Kg8 40.
Bd6 Rd8 41. Bf8 Re2 42. Bxb4 Rc8 43. Bc5 Re4 44. Kb3 Rc7 45. Bf8 Rf4 46. Rb5 Rg4
47. Rb8 Rd7 48. Ka3 Kf7 49. b4 Ke6 50. Ka4 Kd5 51. Rc8 Rb7 52. Ka5 Rg6 53. Rc5+
Ke4 54. Rc6 Rg2 55. Ka6 Rd7 56. Rh6 Kd5 57. Rh5+ Kc4 58. Rh4+ Kb3 59. Kb5 Rg3
60. Rh8 Rg5+ 61. Kc6 Rdxg7 62. Bxg7 Rxg7 63. b5 Rg6+ 64. Kb7 Rb6+ 65. Kxa7 Rxb5 1/2-1/2

[Event "TCh-CHN 2018"]
[Site "China CHN"]
[Date "2018.05.24"]
[Round "7.6"]
[Board "1"]
[White "Wen, Yang"]
[Black "Harikrishna, Pentala"]
[Result "1/2-1/2"]
[WhiteTitle "GM"]
[BlackTitle "GM"]
[WhiteElo "2604"]
[BlackElo "2729"]
[WhiteTeam "Shandong Jingzhi Team"]
[BlackTeam "China Mobil Shanghai Chess Club"]
[WhiteFideId "8602956"]
[BlackFideId "5007003"]
[EventDate "2018.04.11"]

1. e4 e5 2. Nf3 Nc6 3. Bb5 Nf6 4. O-O Nxe4 5. Re1 Nd6 6. Nxe5 Be7 7. Bf1 Nxe5 8.
Rxe5 O-O 9. d4 Bf6 10. Re1 Re8 11. c3 Rxe1 12. Qxe1 Ne8 13. Bf4 d5 14. Bd3 g6
15. Nd2 Ng7 16. Qe2 c6 17. Re1 Bf5 18. Bxf5 Nxf5 19. Nf3 Ng7 20. Be5 Ne6 21.
Bxf6 Qxf6 22. Ne5 Re8 23. Ng4 Qd8 24. Qe5 Ng7 25. Qxe8+ Nxe8 26. Rxe8+ Qxe8 27.
Nf6+ Kf8 28. Nxe8 Kxe8 29. f4 f5 30. Kf2 Ke7 31. Ke3 1/2-1/2

[Event "TCh-CHN 2018"]
[Site "China CHN"]
[Date "2018.05.24"]
[Round "7.6"]
[Board "2"]
[White "Bu, Xiangzhi"]
[Black "Ni, Hua"]
[Result "1/2-1/2"]
[WhiteTitle "GM"]
[BlackTitle "GM"]
[WhiteElo "2726"]
[BlackElo "2683"]
[WhiteTeam "Shandong Jingzhi Team"]
[BlackTeam "China Mobil Shanghai Chess Club"]
[WhiteFideId "8601445"]
[BlackFideId "8601160"]
[EventDate "2018.04.11"]

1. d4 Nf6 2. c4 e6 3. Nf3 d5 4. Nc3 a6 5. e3 c5 6. a3 Nc6 7. dxc5 Bxc5 8. b4 Be7
9. Bb2 dxc4 10. Qxd8+ Bxd8 11. Bxc4 O-O 12. O-O Be7 13. Rfd1 Rd8 14. Rxd8+ Bxd8
15. Bd3 Bd7 16. Ne4 Nxe4 17. Bxe4 Rc8 18. Rd1 Be8 19. Ne5 Bf6 20. Nxc6 Bxc6 21.
Bxf6 Bxe4 22. Rd8+ Rxd8 23. Bxd8 f6 24. a4 Kf7 25. f3 Bc6 26. a5 e5 27. e4 Ke6
28. Kf2 Bb5 29. Bb6 Bc6 30. Bc5 Bb5 31. Bb6 1/2-1/2

[Event "TCh-CHN 2018"]
[Site "China CHN"]
[Date "2018.05.24"]
[Round "7.6"]
[Board "3"]
[White "Zhao, Jun"]
[Black "Xu, Yi"]
[Result "1-0"]
[WhiteTitle "GM"]
[BlackTitle "IM"]
[WhiteElo "2607"]
[BlackElo "2533"]
[WhiteTeam "Shandong Jingzhi Team"]
[BlackTeam "China Mobil Shanghai Chess Club"]
[WhiteFideId "8602522"]
[BlackFideId "8605564"]
[EventDate "2018.04.11"]

1. e4 e5 2. Nf3 Nc6 3. Bb5 a6 4. Ba4 Nf6 5. O-O Be7 6. d3 b5 7. Bb3 d6 8. a4 Bd7
9. c3 Na5 10. Bc2 c5 11. Nbd2 O-O 12. Re1 Re8 13. Nf1 h6 14. h3 Bf8 15. Ng3 g6
16. Bd2 Bg7 17. Qc1 Kh7 18. b4 cxb4 19. cxb4 Nc6 20. Bb3 Qe7 21. axb5 axb5 22.
Nf1 Rec8 23. Rxa8 Rxa8 24. Ne3 Qf8 25. Nd5 Nxd5 26. exd5 Ne7 27. Qc7 Rd8 28. d4
f6 29. Qxd6 Bg4 30. Qc5 Bxf3 31. gxf3 Nf5 32. dxe5 fxe5 33. Qxf8 Bxf8 34. Rxe5
Nd4 35. Bd1 Bg7 36. Re4 Rxd5 37. Be3 Rd6 38. Kg2 Bf6 39. Re8 h5 40. f4 Ra6 41.
Rb8 Ra1 42. Rb7+ Kh8 43. Bf3 Rb1 44. Be4 Rxb4 45. Bxg6 Ne6 46. Kf3 Nd4+ 47. Ke4
h4 48. Kd5 Rc4 49. Rf7 Bg7 50. f5 Nc2 51. f6 Nb4+ 52. Ke6 Rc6+ 53. Kf5 1-0

[Event "TCh-CHN 2018"]
[Site "China CHN"]
[Date "2018.05.24"]
[Round "7.6"]
[Board "4"]
[White "Harika, Dronavalli"]
[Black "Ning, Kaiyu"]
[Result "1-0"]
[WhiteTitle "GM"]
[WhiteElo "2498"]
[BlackElo "2217"]
[WhiteTeam "China Mobil Shanghai Chess Club"]
[BlackTeam "Shandong Jingzhi Team"]
[WhiteFideId "5015197"]
[BlackFideId "8614750"]
[EventDate "2018.04.11"]

1. c4 e5 2. g3 Nf6 3. Bg2 Nc6 4. Nf3 g6 5. O-O Bg7 6. Nc3 O-O 7. d4 exd4 8. Nxd4
Re8 9. Nc2 d6 10. Ne3 Ne7 11. Rb1 c6 12. b4 Be6 13. Bb2 Nf5 14. Nxf5 Bxf5 15.
Rc1 a5 16. b5 Qc7 17. Qd2 Rad8 18. Rfe1 Ng4 19. Na4 Bxb2 20. Qxb2 Be6 21. Qd4
Ne5 22. Nb2 c5 23. Qd2 b6 24. f4 Nd7 25. Qc3 Nf8 26. Nd1 h5 27. e4 Bc8 28. Ne3
Bb7 29. e5 dxe5 30. Bxb7 Qxb7 31. Nd5 Rxd5 32. cxd5 Qxd5 33. Rxe5 Rxe5 34. Qxe5
Qxe5 35. fxe5 Ne6 36. Kf2 Nd4 37. a4 Kf8 38. Ke3 Ke7 39. Rd1 g5 40. Ke4 Ke6 41.
Rf1 Ke7 42. Rf6 Ne6 43. Kd5 h4 44. gxh4 gxh4 45. Kc6 c4 46. Kxb6 c3 47. Rf3 c2
48. Rc3 Nd4 49. Kc7 1-0

[Event "TCh-CHN 2018"]
[Site "China CHN"]
[Date "2018.05.24"]
[Round "7.6"]
[Board "5"]
[White "Ju, Wenjun"]
[Black "Yan, Tianqi"]
[Result "1/2-1/2"]
[WhiteTitle "GM"]
[WhiteElo "2568"]
[BlackElo "2098"]
[WhiteTeam "China Mobil Shanghai Chess Club"]
[BlackTeam "Shandong Jingzhi Team"]
[WhiteFideId "8603006"]
[BlackFideId "8615250"]
[EventDate "2018.04.11"]

1. Nf3 c5 2. c4 Nc6 3. d4 cxd4 4. Nxd4 g6 5. e4 Bg7 6. Be3 d6 7. Nc3 Nf6 8. Be2
Nxd4 9. Bxd4 O-O 10. O-O a5 11. b3 Bd7 12. Qd2 Bc6 13. f3 Nd7 14. Be3 Nc5 15.
Rab1 f5 16. exf5 Rxf5 17. f4 Ne4 18. Nxe4 Bxe4 19. Rbe1 Rf8 20. Bg4 Bf5 21. Bf3
Qc7 22. Qd5+ e6 23. Qxb7 Qxb7 24. Bxb7 Rab8 25. Bc6 Bc3 26. Rd1 Bb4 27. Rf2 Rfd8
28. Bf3 Bc5 29. Bxc5 dxc5 30. Rfd2 Rxd2 31. Rxd2 Bb1 32. Kf2 Kf7 33. g4 Kf6 34.
h4 h5 35. g5+ Ke7 36. Ke3 Rb6 37. Be4 Bxe4 38. Kxe4 Rb8 39. Ke5 Rb6 40. Rd3 Ra6
41. Ke4 Ra8 42. a3 Rb8 43. Ke3 Rf8 44. Rd2 Rb8 45. Rb2 a4 46. Kd3 axb3 47. Kc3
Rf8 48. Rf2 e5 49. Re2 Rxf4 50. Rxe5+ Kd6 51. Rd5+ Kc6 52. Re5 Kd6 53. Rd5+ Kc6
54. Re5 1/2-1/2

[Event "TCh-CHN 2018"]
[Site "China CHN"]
[Date "2018.07.10"]
[Round "8.1"]
[Board "1"]
[White "Li, Shilong"]
[Black "Harikrishna, Pentala"]
[Result "1/2-1/2"]
[WhiteTitle "GM"]
[BlackTitle "GM"]
[WhiteElo "2498"]
[BlackElo "2729"]
[WhiteTeam "Guangdong Ding Xin High Tech Team"]
[BlackTeam "China Mobil Shanghai Chess Club"]
[WhiteFideId "8600678"]
[BlackFideId "5007003"]
[EventDate "2018.04.11"]

1. d4 Nf6 2. Nf3 d5 3. Bf4 c5 4. e3 Nc6 5. Nbd2 Qb6 6. dxc5 Qxb2 7. Rb1 Qc3 8.
Bb5 e6 9. O-O Be7 10. Nd4 Qxc5 11. N2b3 Qb6 12. Nd2 Qc5 13. N2b3 Qb6 14. Nd2 Qc5
15. N2b3 1/2-1/2

[Event "TCh-CHN 2018"]
[Site "China CHN"]
[Date "2018.07.10"]
[Round "8.1"]
[Board "2"]
[White "Zhao, Chenxi"]
[Black "Xu, Yi"]
[Result "0-1"]
[BlackTitle "IM"]
[WhiteElo "2328"]
[BlackElo "2533"]
[WhiteTeam "Guangdong Ding Xin High Tech Team"]
[BlackTeam "China Mobil Shanghai Chess Club"]
[WhiteFideId "8611513"]
[BlackFideId "8605564"]
[EventDate "2018.04.11"]

1. e4 c5 2. Nf3 Nc6 3. Bb5 g6 4. O-O Bg7 5. Re1 e5 6. Nc3 Nge7 7. a4 O-O 8. Bc4
d6 9. h3 h6 10. d3 Kh7 11. Nd5 Be6 12. c3 Qd7 13. Be3 f5 14. Rb1 f4 15. Bd2 g5
16. Nxe7 Qxe7 17. Nh2 Bxc4 18. dxc4 Qf7 19. Qe2 h5 20. b3 Rac8 21. Rbd1 Na5 22.
Rb1 Rfd8 23. Red1 Nc6 24. Be1 Ne7 25. Rd3 Ng8 26. Rbd1 Bf8 27. Nf3 Qf6 28. b4
Be7 29. Rd5 b6 30. Rb1 Rc7 31. a5 Qg6 32. axb6 axb6 33. bxc5 bxc5 34. Rb6 Nf6
35. Rd3 g4 36. Nh4 Qxe4 37. Qxe4+ Nxe4 38. Nf5 Kg6 39. Nxe7+ Rxe7 40. hxg4 hxg4
41. f3 Ng5 42. Bh4 g3 43. Rdxd6+ Rxd6 44. Rxd6+ Kh5 45. Bxg5 Kxg5 46. Kf1 Rh7
47. Rd2 Kf5 48. Ke2 Rh2 49. Kd3 e4+ 50. fxe4+ Ke5 51. Re2 f3 52. gxf3 g2 53. f4+
Kxf4 54. Rf2+ Ke5 0-1